000
00201nam a2200109Ia 4500
100
_a
#N/A
942
_c
BK
654
_a
morphix
245
_a
Morphix - Play Games
260
_b
#N/A
546
_a
ENGLISH
999
_c
23252
_d
23252